000
00225 a2200097 4500
001
12927
100
_a
Esmailzadeh,Riaz
245
_a
TDD-CDMA for Wireless communications
260
_a
_b
Artech House
_c
090
_c
9916
_d
9916
942
_a
NUST-CAE
_c
M
_c
36840
999
_c
248000
_d
248000